Antifungal Drugs : (Record no. 114098)

MARC details
000 -LEADER
fixed length control field 00680nam a2200217 a 4500
008 - FIXED-LENGTH DATA ELEMENTS--GENERAL INFORMATION
fixed length control field
020 ## - INTERNATIONAL STANDARD BOOK NUMBER
International Standard Book Number 1570592624 (hbk.)
049 ## - LOCAL HOLDINGS (OCLC)
Holding library MAIN
090 ## - LOCALLY ASSIGNED LC-TYPE CALL NUMBER (OCLC); LOCAL CALL NUMBER (RLIN)
Classification number (OCLC) (R) ; Classification number, CALL (RLIN) (NR) RM410
Local cutter number (OCLC) ; Book number/undivided call number, CALL (RLIN) SEL
003 - CONTROL NUMBER IDENTIFIER
control field
005 - DATE AND TIME OF LATEST TRANSACTION
control field 20230120203930.0
040 ## - CATALOGING SOURCE
Transcribing agency NUST
100 1# - MAIN ENTRY--PERSONAL NAME
Personal name Selitrennikoff,P.Claude
245 10 - TITLE STATEMENT
Title Antifungal Drugs :
Remainder of title (1,3)B-Glucan Synthase Inhibitors/
Statement of responsibility, etc. Claude P.Selitrennikoff
260 ## - PUBLICATION, DISTRIBUTION, ETC.
Place of publication, distribution, etc. United States of America :
Name of publisher, distributor, etc. R.G.landes Company,
Date of publication, distribution, etc. 1995
300 ## - PHYSICAL DESCRIPTION
Extent 139 p. :
Other physical details ill. ;
Dimensions 26 cm
650 ## - SUBJECT ADDED ENTRY--TOPICAL TERM
Topical term or geographic name entry element Glucan synthase
General subdivision Inhibitors
-- Therapeutic use
650 #1 - SUBJECT ADDED ENTRY--TOPICAL TERM
Topical term or geographic name entry element Antifungal agents
907 ## - LOCAL DATA ELEMENT G, LDG (RLIN)
a .b10202882
b 17-07-12
c 16-05-06
942 ## - ADDED ENTRY ELEMENTS (KOHA)
Koha item type Ordinary Loan Books
Call number prefix RM410
Call number suffix SEL
Holdings
Date last seen Total Checkouts Full call number Barcode Cost, replacement price Price effective from Koha item type Lost status Source of classification or shelving scheme Damaged status Not for loan Collection Withdrawn status Home library Current library Shelving location Date acquired Cost, normal purchase price
01/20/2023   RM410 SEL 92004003043 80.00 01/20/2023 BOOKS   LCC     NFIC   Medical Medical GEN 01/20/2023 80.00